[Event "4NCL Division 1b"]
[Site "Hinckley Island ENG"]
[Date "2013.11.17"]
[Round "2.183"]
[White "Varnam, Liam D"]
[Black "Jackson, James P"]
[Result "0-1"]
[WhiteElo "2120"]
[BlackElo "2246"]
[PlyCount "100"]
[EventDate "2013.11.17"]
[WhiteTeam "Grantham Sharks 2"]
[BlackTeam "e2e4.org.uk 1"]

1. c4 Nf6 2. g3 e6 3. Bg2 c5 4. Nf3 d5 5. cxd5 exd5 6. O-O Nc6 7. d3 Be7 8.
Nbd2 d4 9. Nb3 O-O 10. Bg5 Nd7 11. Bxe7 Qxe7 12. Rc1 Rb8 13. Re1 b6 14. e3 dxe3
15. Rxe3 Qf6 16. d4 Bb7 17. dxc5 Nxc5 18. Nxc5 bxc5 19. Rxc5 Qxb2 20. Qd2 Qf6
21. h4 h6 22. Qc3 Qg6 23. Nd2 Nd8 24. Bxb7 Nxb7 25. Rc7 Nd6 26. Qd3 Nf5 27. Re5
Qb6 28. Rd7 g6 29. Nb3 Qf6 30. Re1 Rfe8 31. Rd1 Rb4 32. Rxa7 Nxh4 33. gxh4 Rxh4
34. Qd5 Qf4 35. Ra8 Qh2+ 36. Kf1 Qh3+ 37. Qg2 Rxa8 38. Qxh3 Rxh3 39. Rd2 Kg7
40. Kg2 Rh4 41. Nd4 Ra4 42. Nb3 h5 43. Rc2 Rac4 44. Rd2 Rcg4+ 45. Kf1 Rh3 46.
Rd7 Rc3 47. Rd2 h4 48. Nd4 h3 49. f3 Rc1+ 50. Kf2 Rg2+ 0-1

[Event "4NCL Division 1b"]
[Site "Hinckley Island ENG"]
[Date "2013.11.17"]
[Round "2.184"]
[White "Crouch, Colin S"]
[Black "Mangione, Claudio"]
[Result "0-1"]
[WhiteElo "2366"]
[BlackElo "2154"]
[PlyCount "62"]
[EventDate "2013.11.17"]
[WhiteTeam "e2e4.org.uk 1"]
[BlackTeam "Grantham Sharks 2"]

1. d4 g6 2. e4 Bg7 3. Nf3 d6 4. c3 Nf6 5. Nbd2 O-O 6. Be2 b6 7. O-O e6 8. Qc2
Bb7 9. Re1 Nbd7 10. b4 c5 11. bxc5 bxc5 12. Ba3 Qc7 13. Bd3 Rfc8 14. Rac1 Bh6
15. Qd1 d5 16. e5 Ne4 17. Rc2 Qa5 18. Nb1 cxd4 19. cxd4 Rxc2 20. Qxc2 Rc8 21.
Qb3 Nb6 22. Qb4 Qxb4 23. Bxb4 Nc4 24. Bxe4 dxe4 25. Nfd2 e3 26. Nb3 exf2+ 27.
Kxf2 Nb2 28. Nc5 Bf8 29. Ba3 Bxc5 30. Bxb2 Bb6 31. Kg3 Rc2 0-1

[Event "4NCL Division 1b"]
[Site "Hinckley Island ENG"]
[Date "2013.11.17"]
[Round "2.185"]
[White "Birtwistle, Nigel"]
[Black "Ross, Chris N"]
[Result "1/2-1/2"]
[WhiteElo "2145"]
[BlackElo "2237"]
[PlyCount "59"]
[EventDate "2013.11.17"]
[WhiteTeam "Grantham Sharks 2"]
[BlackTeam "e2e4.org.uk 1"]

1. e4 c5 2. c3 d5 3. exd5 Qxd5 4. d4 e6 5. Nf3 Nf6 6. a3 cxd4 7. cxd4 Nc6 8.
Nc3 Qd6 9. Bd3 Be7 10. O-O O-O 11. Be3 b6 12. Qe2 Bb7 13. Rad1 Rad8 14. Rfe1
Rfe8 15. Bb1 Qb8 16. Bg5 g6 17. Ba2 Ng4 18. g3 Bxg5 19. Nxg5 Nh6 20. d5 exd5
21. Qd2 d4 22. Nd5 Kg7 23. f4 Qc8 24. Rxe8 Rxe8 25. b4 b5 26. Rc1 Qd8 27. Rc5
a6 28. Nf3 Nf5 29. Bb1 Ne3 30. Nxd4 1/2-1/2

[Event "4NCL Division 1b"]
[Site "Hinckley Island ENG"]
[Date "2013.11.17"]
[Round "2.186"]
[White "Reimaa, Sven"]
[Black "Murphy, Hugh W"]
[Result "0-1"]
[WhiteElo "2141"]
[BlackElo "2135"]
[PlyCount "62"]
[EventDate "2013.11.17"]
[WhiteTeam "e2e4.org.uk 1"]
[BlackTeam "Grantham Sharks 2"]

1. e4 c6 2. d4 d5 3. e5 Bf5 4. h4 h6 5. g4 Bd7 6. Bd3 c5 7. dxc5 Nc6 8. Qe2 e6
9. g5 hxg5 10. Bxg5 Qc7 11. Nf3 Bxc5 12. c3 f6 13. exf6 gxf6 14. Bg6+ Kd8 15.
Bd2 Nge7 16. Rg1 e5 17. b4 Bb6 18. Na3 e4 19. Nb5 Qb8 20. Nfd4 a6 21. Nxc6+
Nxc6 22. Na3 Qh2 23. O-O-O Qxf2 24. Qxf2 Bxf2 25. Rh1 Ne5 26. h5 e3 27. Be1
Nxg6 28. Bxf2 exf2 29. hxg6 Rxh1 30. Rxh1 Bh3 31. g7 Ke7 0-1

[Event "4NCL Division 1b"]
[Site "Hinckley Island ENG"]
[Date "2013.11.17"]
[Round "2.187"]
[White "Burrows, Martin P"]
[Black "Mansson, James C"]
[Result "1/2-1/2"]
[WhiteElo "2123"]
[BlackElo "2110"]
[PlyCount "45"]
[EventDate "2013.11.17"]
[WhiteTeam "Grantham Sharks 2"]
[BlackTeam "e2e4.org.uk 1"]

1. e4 c5 2. Nf3 d6 3. d4 cxd4 4. Nxd4 Nf6 5. Nc3 a6 6. Bc4 e6 7. Bb3 Nbd7 8.
Bg5 Nc5 9. Qe2 Be7 10. O-O-O Nfxe4 11. Bxe7 Nxc3 12. Bxd8 Nxe2+ 13. Nxe2 Kxd8
14. Rxd6+ Ke7 15. Rd4 Bd7 16. c3 Bc6 17. f3 e5 18. Rd2 Nxb3+ 19. axb3 f5 20.
Re1 Kf6 21. Rd6+ Ke7 22. Rd2 Kf6 23. Rd6+ 1/2-1/2

[Event "4NCL Division 1b"]
[Site "Hinckley Island ENG"]
[Date "2013.11.17"]
[Round "2.188"]
[White "Norinkeviciute, Rasa"]
[Black "Summerscale, Claire E"]
[Result "1/2-1/2"]
[WhiteElo "2011"]
[BlackElo "1951"]
[PlyCount "34"]
[EventDate "2013.11.17"]
[WhiteTeam "e2e4.org.uk 1"]
[BlackTeam "Grantham Sharks 2"]

1. c4 e5 2. g3 Nc6 3. Bg2 Nf6 4. a3 a6 5. Nc3 Bc5 6. e3 O-O 7. Nge2 Re8 8. d3
Ne7 9. b4 Ba7 10. Qb3 c6 11. Ne4 Nxe4 12. dxe4 d6 13. O-O Be6 14. Qc3 b5 15.
cxb5 cxb5 16. Bb2 Bc4 17. Qd2 Qb6 1/2-1/2